000 00674nam a22001815i 4500
001 153573
003 ES-MaACL
005 20251013201013.0
008 991014s1859 fr |||| | fre d
040 _aCAM
_bspa
_cCAM
100 3 _aDu Prat
_c, Marquis.
_9126851
245 1 0 _aHistoire d'Elisabeth de Valois, reine d'Espagne (1545-1568) /
_cpar le marquis du Prat.
260 _aParis :
_bTechener libraire-éditeur,
_c1859 (
_fTypographie de Henri Plon)
300 _aVII, 511 p. ;
_c24 cm.
600 1 7 _aValois, Isabel de,
_cReina consorte de Felipe II, Rey de España-
_xBiografías
_2
_9133534
852 _aES-MaACL
_jC-635
_z-- Enc. hol.
999 _c153573
_d153573